Patiño y Campillo (Record no. 163842)

MARC details
000 -LEADER
campo de control de longitud fija 00942nam a2200217 i 4500
001 - NÚMERO DE CONTROL
campo de control 163842
003 - IDENTIFICADOR DE NÚMERO DE CONTROL
campo de control ES-MaACL
005 - FECHA Y HORA DE LA ÚLTIMA TRANSACCIÓN
campo de control 20250907063126.0
008 - DATOS DE LONGITUD FIJA--INFORMACIÓN GENERAL
campo de control de longitud fija 950206s1882 sp |||| | spa d
040 ## - FUENTE DE CATALOGACIÓN
Centro catalogador/agencia de origen AS
100 1# - ENTRADA PRINCIPAL--NOMBRE DE PERSONA
Nombre de persona Rodríguez Villa, Antonio,
Fechas asociadas al nombre 1843-1912
9 (RLIN) 98860
245 10 - MENCIÓN DEL TÍTULO
Título Patiño y Campillo
Resto del título : reseña histórico-biográfica de estos dos ministros de Felipe V formada con documentos y papeles inéditos y desconocidos en su mayor parte /
Mención de responsabilidad, etc. por Antonio Rodríguez Villa.
260 ## - PUBLICACIÓN, DISTRIBUCIÓN, ETC.
Lugar de publicación, distribución, etc. Madrid :
Nombre del editor, distribuidor, etc. [s.n.],
Fecha de publicación, distribución, etc. 1882 (
Fabricante Estab. tip. de los Sucesores de Rivadeneyra)
300 ## - DESCRIPCIÓN FÍSICA
Extensión 196 p. ;
Dimensiones 20 cm.
597 ## - NOTA DE DESCRIPCIÓN FÍSICA
NOTA DE DESCRIPCIÓN FÍSICA Antep.
600 14 - PUNTO DE ACCESO ADICIONAL DE MATERIA--NOMBRE DE PERSONA
Nombre de persona Patiño, José (
Fechas asociadas al nombre 1666-1736)
9 (RLIN) 130897
600 04 - PUNTO DE ACCESO ADICIONAL DE MATERIA--NOMBRE DE PERSONA
Nombre de persona Campillo y Cosío, José del.
9 (RLIN) 34175
651 #4 - PUNTO DE ACCESO ADICIONAL DE MATERIA--NOMBRE GEOGRÁFICO
Nombre geográfico España-
Subdivisión general Historia-
Subdivisión cronológica 1700-1746, Felipe V.
9 (RLIN) 8237
852 ## - LOCALIZACIÓN
Ubicación ES-MaACL
Número de control de estantería T-879-F-5
Nota libre -- Enc. hol., conservando la cub. original
-- -- Enc. en un vol. facticio
Holdings
Estatus retirado Estado de pérdida Estado de daño No para préstamo Colección Biblioteca de origen Biblioteca actual Ubicación en estantería Fecha de adquisición Total de préstamos Signatura topográfica completa Código de barras Visto por última vez Precio de reemplazo Tipo de ítem Koha
        Colección de folletos Biblioteca del Ateneo de Madrid Biblioteca del Ateneo de Madrid Depósito folletos 17/01/2008   T-879-F-5 1171709 23/02/2023 23/02/2023 Folleto